Blonde - Frank Ocean Quiz - Statistics

General Stats
  • This quiz has been taken 2,082 times
  • The average score is 13 of 17
Answer Stats
Track Number Artist(s) Peak (on any chart) Song % Correct
2 Frank Ocean #80 (Billboard Hot 100) Ivy
91%
3 Frank Ocean ft. Beyonce #84 (Billboard Hot 100) Pink + White
91%
1 Frank Ocean ft. KOHH & Loota #79 (Billboard Hot 100) Nikes
89%
9 Frank Ocean #98 (Billboard Hot 100) Nights
87%
5 Frank Ocean #96 (Billboard Hot 100) Solo
86%
14 Frank Ocean ft. James Blake #21 (Billboard R&B Top 25) White Ferrari
84%
7 Frank Ocean ft. Yung Lean & Austin Feinstein #102 (Billboard Hot 100) Self Control
82%
16 Frank Ocean ft. Kim Burrell #8 (Bubbling Under Hot R&B/Hip-Hop Chart) Godspeed
76%
15 Frank Ocean featuring the London Contemporary Orchestra #23 (Billboard R&B Top 25) Seigfried
76%
12 Frank Ocean ft. Sebastian Didn't Chart Facebook Story
74%
10 Frank Ocean ft. Andre 3000 #124 (Billboard Hot 100) Solo (Reprise)
74%
17 Frank Ocean Didn't Chart Futura Free / Interviews
72%
4 Frank Ocean ft. Rosie Watson Didn't Chart Be Yourself
69%
6 Frank Ocean ft. Kendrick Lamar #116 (Billboard Hot 100) Skyline To
68%
8 Frank Ocean #20 (Billboard R&B Top 25) Good Guy
65%
13 Frank Ocean #25 (Billboard R&B Top 25) Close To You
61%
11 Frank Ocean #24 (Billboard R&B Top 25) Pretty Sweet
61%
No matching quizzes found
Score Distribution
Percent of People with Each Score
Percentile by Number Answered
Your Score History
You have not taken this quiz